[Event "Lippstadt 9th"]
[Site "Lippstadt"]
[Date "1999.07.22"]
[Round "1"]
[White "Brenke, Andreas"]
[Black "Mueller, Karsten"]
[Result "1/2-1/2"]
[WhiteElo "2301"]
[BlackElo "2533"]
[Annotator "Tsesarsky,I"]
[PlyCount "66"]
[EventDate "1999.07.22"]
[EventType "tourn"]
[EventRounds "11"]
[EventCountry "GER"]
[EventCategory "8"]
[SourceTitle "CBM 072"]
[Source "ChessBase"]
[SourceDate "1999.10.01"]
[SourceVersion "1"]
[SourceVersionDate "1999.10.01"]
[SourceQuality "1"]

1. d4 d5 2. c4 e6 3. Nf3 c6 4. e3 Nf6 5. Nbd2 c5 6. b3 Nc6 (6... cxd4 7. exd4 (
7. Nxd4 Bb4 8. Bb2 O-O 9. a3 Be7 10. Be2 b6 11. cxd5 Nxd5 12. O-O Bb7 13. Rc1
Nd7 (13... Bf6 14. Ne4 Be7 15. Bd3 Nf6 16. Qc2 Nbd7 17. b4 Rc8 18. Qb1 Nxe4 19.
Bxe4 Bxe4 20. Qxe4 Nf6 21. Qb7 $16) 14. Nc6 $14) 7... Be7 (7... Bb4 8. Bb2 (8.
Qc2 Nc6 9. a3 Bxd2+ 10. Qxd2 dxc4 11. bxc4 O-O 12. Bd3 b6 13. Bb2 $14) 8...
dxc4 9. bxc4 Qa5 10. Bd3 Bc3 11. Qc2 Bxb2 12. Qxb2 Nc6 13. O-O O-O 14. Ne4 Nxe4
15. Bxe4 Qc7 16. Rac1 Bd7 17. d5 $16 {1-0 Vaganjan-Mnacakanjan/Erevan 1976 (35)
}) 8. Bb2 b6 9. Rc1 (9. Bd3) 9... dxc4 (9... Bb7 10. Bd3 Nc6 11. O-O O-O) 10.
bxc4 O-O 11. Bd3 Bb7 (11... Ba6 12. O-O Nc6) 12. O-O Nc6 13. Qe2 Rc8 14. Rfd1
Qd6 (14... Re8) 15. Nf1 Rfd8 (15... Nb4 16. Bb1 Nh5 17. a3 Nf4 18. Qe3 Na6 19.
Ng3 Rfd8 20. d5 f6 (20... Ng6 21. Bxg6 hxg6 22. Ne4 Qc7 23. dxe6 $16) 21. Nd4
e5 (21... Nc5 22. Ngf5 exf5 23. Nxf5 $18) 22. Nb5 Qb8 23. Bf5 Rc5 24. Ne4 $16)
16. Ng3 $14 {1-0 Chiburdanidze,M-Beshukov,S/Perm 1997/CBM 58/ (22)}) (6... dxc4
7. Bxc4 cxd4 8. Nxd4 Bd6 9. Bb2 O-O 10. O-O Bd7 11. Be2 Nc6 12. Nc4 Bc5 13. Bf3
Rc8 14. Nb5 Be7 15. Nbd6 Rc7 16. Nb5 Rc8 17. Rc1 a6 18. Nbd6 Rc7 19. Qd2 Qb8
20. Ne5 $14) (6... Nbd7 7. Bb2 b6 8. cxd5 exd5 9. Bd3 Bb7 10. O-O Bd6 11. dxc5
Bxc5 12. Nd4 $14) 7. Bb2 cxd4 8. Nxd4 (8. exd4 Ne4 (8... Bd6 9. Bd3 O-O 10. O-O
b6 11. Qe2 Bb7 12. Rad1 Rc8 13. Ne5 Re8 (13... Bb8 14. Qe3 Qe7 15. f4 Rfd8 (
15... Nxe5 16. dxe5 Ng4 17. Qh3 f5 18. exf6 Nxf6 19. Rde1 $16 {1-0 Hoi,
C-Jensen,V/Aarhus 1976 (28)}) 16. f5 dxc4 17. Ndxc4 (17. bxc4 Nxe5 18. dxe5 Ng4
$17) 17... Nxe5 18. dxe5 Nd5 19. Qg3 exf5 20. Bxf5 Rc6 21. Be4 $16) 14. f4 g6
15. a3 Bf8 $132) (8... b6 9. Bd3 Be7 10. O-O O-O 11. Rc1 Ba6 12. Re1 Na5 13.
Ne5 Rc8 14. Qf3 dxc4 (14... Bb4 15. Re2 $14) 15. Ndxc4 (15. bxc4 Bb7 16. Qh3
$14) 15... Bb7 16. Qh3 Nxc4 17. bxc4 h6 18. Ng6 $1 $14 {1-0 Hebden,M-Eslon,J/
Oviedo rapid 1993 (50)}) (8... Be7 9. Rc1 (9. Bd3 dxc4 10. bxc4 Nxd4 11. Nxd4 (
11. Bxd4 e5 $132) 11... e5 12. Qa4+ Bd7 13. Nb5 a6 14. Qb3 axb5 15. cxb5 O-O
16. O-O (16. Bxe5 Ra3 17. Qb1 Bc8 18. Be2 Qd5 19. Nc4 Qxg2 20. Rf1 Ra4 $17)
16... Be6 17. Qc2 Rc8 18. Qb1 $11 {1/2-1/2 Pachman,L-Botwinnik,M/Munchen ol
1958 (29)}) 9... O-O 10. Bd3 Bd7 11. O-O Nh5 12. Re1 Nf4 13. Bb1 Bd6 14. g3 Ng6
15. Ne5 (15. h4 Qf6 16. h5 Nge7 17. Ne5 Bxe5 (17... Rad8 18. Ng4 $16) 18. dxe5
Qh6 19. Nf1 Rfd8 20. Bc3 {[%csl Rh6][%cal Gc3d2]} g6 21. hxg6 hxg6 22. Nh2 Qh3
23. Ng4 Kg7 24. cxd5 Nxd5 25. Be4 Nxc3 26. Rxc3 Be8 27. Qf3 Nd4 28. Qf6+ Kg8
29. Ne3 $14) 15... Rc8 16. Nxd7 Qxd7 17. Nf3 Bb4 18. Re3 Rfd8 19. h4 Nge7 20.
a3 Ba5 21. b4 Bc7 22. c5 $16 {1-0 Kasparov,G-Comp Deep Blue/Philadelphia m
1996/EXP 50/ (43)}) 9. c5 (9. Bd3 Bb4 10. O-O Nxd2 11. Nxd2 dxc4 12. Nxc4 O-O
13. Be4 Ne7 14. Qd3 Ng6 15. Rfd1 Rb8 16. d5 exd5 17. Qd4 f6 18. Ne3 (18. Bxd5+
Kh8 19. a3 Be7 20. Qxa7 $16) 18... Qa5 19. Qxd5+ Qxd5 20. Nxd5 Ba5 21. Bd4 a6
22. Ba7 Ra8 23. Bb6 Bxb6 24. Nxb6 Rb8 25. Rac1 $16 {1/2-1/2 Karpov,A-Kaidanov,
G/Tilburg rapid 1993 (48)}) (9. a3 Be7 10. Bd3 f5 11. O-O a5 12. Rc1 O-O 13.
Re1 $16 (13. Ne5 $6 Nxe5 14. dxe5 Nxd2 15. Qxd2 b6 16. Rfd1 dxc4 17. Rxc4 Bb7
18. Qc2 Bd5 19. Rc3 $14 (19. Rd4 Bc5 20. Bxf5 Rxf5 21. Rxd5 Bxf2+ 22. Kh1 Qh4
23. Qd3 Raf8 24. Rd8 Bc5 25. Rxf8+ Rxf8 26. h3 $11 {1/2-1/2 Galliamova,
A-Tregubov,P/Novgorod RUS 1997 (44)}))) 9... Be7 10. Bd3 (10. Bb5 Qa5 11. Bxc6+
bxc6 12. O-O Nxd2 13. Nxd2 O-O 14. Re1 Qb5 15. Re3 f6 16. a3 e5 17. dxe5 Bxc5
18. Rg3 fxe5 (18... Bxf2+ 19. Kxf2 Qb6+ 20. Re3 fxe5+ 21. Nf3 e4 22. Qd4 Qxd4
23. Bxd4 Bd7 24. Rc1 a6 25. Kg3 exf3 26. Re7 Rf7 27. Rxf7 Kxf7 28. Rf1 Re8 29.
Rxf3+ Kg6 30. b4 $44 {1/2-1/2 Stahlberg,G-Bogoljubow,E/Zurich 1934 (62)}) 19.
Nf3 $8 d4 20. Rg5 Bf5 $17) 10... Nxd2 11. Qxd2 O-O 12. O-O $14) 8... Bd6 (8...
Nxd4 9. Bxd4 Be7 10. Bd3 O-O 11. O-O dxc4 12. Nxc4 b5 13. Ne5 Bb7 14. Qe2 Qd5
15. f4 a6 (15... b4 16. Rac1 Rfc8 17. Rxc8+ Rxc8 18. Bxa7 Ne4 19. Bd4 Nc3 20.
Bxh7+ $1 $18) 16. Rac1 Rac8 $11) 9. cxd5 exd5 (9... Nxd5 10. Nxc6 bxc6 11. Bxg7
$18) (9... Nxd4 10. Bxd4 e5 11. Bb2 (11. Bc3 Nxd5 12. Nc4 Nxc3 13. Nxd6+ Ke7
14. Nxc8+ Rxc8 15. Qg4 Qa5 16. b4 Qd5 17. Qg5+ Kf8 18. Qf5 Rc7 19. Qd3 Ke7 $15)
11... Nxd5 12. a3 Nb6 13. Bb5+ Bd7 14. Ne4 $14) 10. Rc1 $5 $14 (10. Be2 O-O 11.
O-O Nxd4 12. Bxd4 Ne4 13. Bb2 $14) 10... Nxd4 $5 (10... Bd7 11. Be2 O-O (11...
Nxd4 12. Bxd4 Ba3 13. Rc2 O-O (13... Bf5 14. Bb5+ Nd7 15. e4 dxe4 16. Qh5 g6
17. Qh6 f6 18. O-O (18. Qg7 Rf8 19. Rc4 (19. g4 Bxg4 20. Nxe4 Qe7 21. Qxe7+
Kxe7 $17) 19... Qe7 20. Bxd7+ Bxd7 21. Qxe7+ Bxe7 22. Nxe4 Bc6 23. f3 Rd8 24.
Nc3 a6 25. Bb6 $11) 18... a6 19. Qg7 Rf8 20. Bxd7+ Qxd7 21. Qxd7+ Kxd7 22. Nc4
e3 23. Nxa3 Bxc2 24. Nxc2 exf2+ 25. Rxf2 $14) 14. Bd3 Bg4 15. Qa1 Be7 16. O-O
$16) 12. O-O $14) 11. Bxd4 O-O 12. Be2 $6 $132 (12. Bd3 Ba3 13. Rc2 $14) 12...
Ba3 13. Ra1 (13. Rc2 Bf5 14. Rc3 Bb2 15. Rc5 Bxd4 16. exd4 Re8 17. O-O $11)
13... Bf5 (13... Ne4 14. O-O Re8 15. Bb5 Bd7 16. Bxd7 Qxd7 17. Qe2 Qf5 18. Rad1
a6 19. Nf3 Rac8 20. Qd3 Qg6 21. Ba1 Red8 22. Nd4 $11) 14. O-O Rc8 (14... Ne4
$11) 15. Nb1 $2 $15 (15. Nf3 Bc2 16. Qe1 Ne4 17. Ne5 Bd6 18. f3 Ng5 19. f4 Ne6
20. Bxa7 b6 21. Rc1 Qc7 22. Bd3 Qxa7 23. Rxc2 Rxc2 24. Bxc2 Qxa2 $132) 15...
Rc1 16. Qxc1 (16. Qd2 Ne4 17. Rxc1 Nxd2 18. Nxa3 a6 19. Nc2 (19. f3 Qa5 20. Nc2
Rc8 $19) 19... Ne4 20. Nb4 Qh4 $17) 16... Bxc1 17. Rxc1 Ne4 (17... b6 18. Nc3
$15) 18. Nc3 {It is easier to reach a drawn game without knights.} (18. Bxa7 $2
b6 $1 19. Nc3 (19. Bf3 Qf6 20. Na3 Nd2 21. Bxd5 Qd6 22. e4 Bxe4 23. Bxe4 Qxa3
$19) 19... Nxc3 20. Rxc3 d4 $1 21. exd4 (21. Rcc1 Re8 22. Rd1 Qc7 $19) 21...
Qe7 22. Bxb6 Qxe2 $19) (18. f3 Ng5 19. Nc3 (19. Bc5 Re8 20. Bb5 Re6 $17) 19...
b6 20. Rd1 Qa8 (20... Ne6 21. Be5 f6 22. Bg3 d4 23. Bc4 Qe7 24. exd4 $14) 21.
Rac1 Ne6 $15) 18... Qa5 19. b4 $6 $17 (19. a3 $15) 19... Qxb4 20. Nxe4 Bxe4 (
20... dxe4 21. Bc5 Qd2 22. Bxf8 Kxf8 23. Bc4 $44) 21. Bc5 (21. Bxa7 b6 22. a4
Ra8 23. Rc7 h6 $1 $19) 21... Qb2 22. Bxf8 Qxe2 $2 {Black take not that bishop.}
(22... Kxf8 $142 23. Bd1 Ke7 24. Bb3 Kd6 25. h3 b5 $17) 23. Bd6 h5 24. h3 h4
25. Bc5 Qh5 26. Rf1 Qg5 27. f3 Bf5 28. Kh1 Qg3 29. Rad1 b6 30. Bd4 Bxh3 $6 (
30... f6 31. Rc1 Bd3 32. Rfd1 Bc4 33. Rd2 Kf7 $15 {This position is almost
drawn.}) 31. gxh3 Qxh3+ 32. Kg1 Qg3+ 33. Kh1 Qh3+ 1/2-1/2

[Event "RUS-Cup7"]
[Site "Kstovo"]
[Date "1997.05.02"]
[Round "2"]
[White "Kharitonov, Andrei Y"]
[Black "Alavkin, Arseny Nailievich"]
[Result "1-0"]
[WhiteElo "2520"]
[BlackElo "2375"]
[Annotator "Tsesarsky,I"]
[PlyCount "99"]
[EventDate "1997.05.01"]
[EventType "swiss"]
[EventRounds "9"]
[EventCountry "RUS"]
[SourceTitle "CBM 059"]
[Source "ChessBase"]
[SourceDate "1997.08.01"]
[SourceVersion "1"]
[SourceVersionDate "1997.08.01"]
[SourceQuality "1"]

1. d4 d5 2. c4 c6 3. Nf3 Nf6 4. e3 e6 5. Bd3 Nbd7 6. Nbd2 Bd6 7. e4 (7. Qe2 O-O
8. O-O e5 9. cxd5 cxd5 10. dxe5 Nxe5 11. Nxe5 Bxe5 12. Nf3 Bg4 13. h3 Bxf3 14.
Qxf3 $14 {1-0 Miles,A-Kuzmin,G/Bled/Portoroz 1979 (24)}) (7. b3 e5 8. cxd5 Nxd5
9. Nc4 Bb4+ 10. Bd2 exd4 11. Bxb4 Nxb4 12. Nd6+ Ke7 13. Nxc8+ (13. Nf5+ Kf8 14.
N5xd4 Nxd3+ 15. Qxd3 Qa5+ $11) 13... Rxc8 14. Nxd4 Nxd3+ 15. Qxd3 Qa5+ $11 {
1/2-1/2 Summerscale,A-O'Donnell,T/San Mateo 1994 (18)}) (7. O-O e5 (7... Qe7 8.
e4 dxe4 9. Nxe4 Nxe4 10. Bxe4 Nf6 11. Bc2 Bd7 12. Qe2 O-O-O 13. a3 $14 {
Pachman,L-Pilnik,H/Mar del Plata 1962/1/2-1/2 (97)}) 8. cxd5 cxd5 9. dxe5 Nxe5
10. Nxe5 Bxe5 11. Nf3 Bc7 $14 {1-0 Bagirov,V-Utasi,T/Yurmala 1985 (39)}) 7...
e5 (7... dxe4 8. Nxe4 Nxe4 9. Bxe4 Qa5+ (9... c5 10. O-O Qc7 11. b3 Nf6 12. Bc2
cxd4 13. Qxd4 O-O 14. Bg5 Ne8 15. Rfe1 f6 16. Bd2 e5 17. Qd3 g6 $14 {1-0
Pachmann-Ballon/Wildbad op/SW,50,15 1989 (36)}) 10. Bd2 Qh5 11. h3 Nf6 12. Bc2
O-O 13. Ke2 $3 $16 {1-0 Duer,W-Petschar,K/AUT-chT 1992 (21)}) 8. exd5 (8. cxd5
cxd5 9. dxe5 Nxe5 10. Nxe5 Bxe5 11. exd5 O-O 12. O-O Qxd5 13. Nf3 Re8 14. Bg5 (
14. Nxe5 Qxe5 $11) 14... Be6 15. Nxe5 Qxe5 16. Qc1 Rac8 $11 {1/2-1/2 Danner,
G-Dao_Thien,H/HUN t-ch 1996 (30)}) 8... cxd5 9. cxd5 {N} (9. dxe5 Nxe5 10. Nxe5
Bxe5 11. Qe2 O-O 12. Nf3 Bg4 (12... Bc7 $11) 13. h3 Bxf3 14. Qxf3 dxc4 (14...
Qa5+ 15. Bd2 Qb6 $15) 15. Bxc4 Qd4 16. Bb3 Qb4+ 17. Kf1 $17 {Sprotte,
N-Muellneritsch,A/Bled op A 1997/0-1 (44)}) 9... exd4 10. Qe2+ (10. Nxd4 O-O
11. O-O Nb6 (11... Ne5 12. Bf5 Bc5 13. N2b3 Bxd4 14. Nxd4 Qxd5 $11 {0-1 Karpov
Anatoly-Shirov Alexei/It "Melody Amber" (blindfold), Monte Ca 1996 (50)}) 12.
Nf5 Bxf5 13. Bxf5 Nbxd5 14. Qf3 g6 15. Be4 Re8 $11 {1/2-1/2 Huzman,A-Shalimov,
V/UKR-ch sf 1986 (29)}) 10... Qe7 11. Nxd4 (11. O-O Qxe2 12. Bxe2 Nxd5 13. Nxd4
O-O 14. Nc4 Bc5 15. Nb3 Be7 16. Rd1 N7f6 17. Bf3 Rd8 18. Bg5 (18. Nba5 $142)
18... Be6 19. Nba5 Rd7 20. Nxb7 Rxb7 21. Bxf6 Bxf6 22. Bxd5 Bxd5 23. Rxd5 Rc7
24. Ne3 Bxb2 $15 {=/+ Mikhalchishin,A-Kosic,D/Jugoslavija 1994}) 11... Qxe2+
12. Bxe2 (12. Nxe2 Nxd5 $11) 12... Nxd5 13. Nf5 $1 $14 Be5 $8 14. Nc4 $5 (14.
O-O O-O 15. Nc4) 14... O-O 15. O-O (15. Bf3 Re8 16. O-O N7f6 17. Nxe5 Bxf5 $11)
15... Bf6 $5 (15... Bc7 $2 16. Rd1 N7f6 (16... N7b6 17. Nxb6 Nxb6 18. Ne7+ Kh8
19. Nxc8 (19. Bf3 Be6 20. Bxb7 Rae8 21. Nc6 $16) 19... Raxc8 20. Bf3 $16 {^^})
17. Nfd6 Bxd6 18. Nxd6 Rd8 19. Nxc8 Raxc8 20. Bg5 $16) (15... Re8 $1 16. Bf3 (
16. Re1 Nc5 17. Nxe5 Bxf5 $11) (16. Bh5 $1 N7f6 (16... Nc5 17. Nfd6 Bxd6 18.
Nxd6 Re7 19. Bg5 Rd7 20. Nxc8 (20. Rfe1 Ne6 21. Nxc8 Rxc8 22. Bg4 $14) 20...
Rxc8 21. Rac1 $16) 17. Nfd6 Bxd6 18. Nxd6 Re7 19. Bf3 (19. Nxc8 $1 Rxc8 20. Bf3
Rc2 21. Rd1 Re5 22. Kf1 Kf8 23. Rd2 Rxd2 (23... Rc5 24. b3 $16) 24. Bxd2 Ke7
25. Re1 Kd6 $14 {[%csl Gd5]}) 19... Bg4 20. Bxg4 Nxg4 $11) 16... N7f6 17. Nxe5
Bxf5 $11) 16. Rd1 N7b6 17. Nfd6 Rd8 $1 (17... Nxc4 18. Bxc4 Nb6 19. Bb3 Rb8 20.
Bf4 (20. Re1 $1 Nd7 (20... Bg4 21. Bf4 Bxb2 22. Rab1 Bc3 $8 (22... Bf6 23. Nxf7
$18) 23. Rec1 Rbc8 24. Nxc8 Rxc8 25. Be3 $18) 21. Bf4 $1 $16) 20... Be6 (20...
Bxb2 21. Rab1 Bf6 22. Bxf7+ Kh8 23. Ne8 Ra8 24. Nxf6 Bf5 $1 25. Rb5 Bc2 26. Rd2
Rxf7 27. Rxc2 Rxf6 28. g3 $14) 21. Ne4 Rbc8 22. Nxf6+ gxf6 $14) 18. Ne4 Be7 (
18... Bf5 19. Nxb6 axb6 (19... Nxb6 20. Nxf6+ gxf6 21. Be3 $16) 20. Nxf6+ Nxf6
21. Bg5 $16) 19. Nxb6 axb6 $5 (19... Nxb6 20. Be3 (20. Rxd8+ Bxd8 21. Nd6 Be7
22. Bf4 Bxd6 23. Bxd6 Be6 24. Bf3 Rd8 $11) 20... Bf5 21. Nc5 Bxc5 22. Bxc5 $14)
20. Bg5 (20. Bf3 Bf5 $11) 20... Bf5 $5 (20... f6 $1 21. Bc4 Be6 22. Nc3 Nc7 (
22... fxg5 23. Bxd5 (23. Nxd5 Kf7 24. Nxb6 Bxc4 25. Rxd8 Rxd8 26. Nxc4 b5 27.
Ne5+ Kf8 28. Nc6 Rd2 $11) 23... Bxd5 24. Nxd5 Bf6 25. Rab1 (25. a4 Bxb2 26.
Rab1 Be5 $11) 25... Kf7 26. a3 $14) 23. Bxe6+ Nxe6 24. Be3 Bc5 $11) 21. Bxe7
Nxe7 22. Nc3 (22. Nd6 Be6 23. a3 Bb3 24. Rd3 Bd5 25. Nc4 Bxc4 26. Rxd8+ Rxd8
27. Bxc4 Rd2 28. Re1 Kf8 29. b3 Nf5 $11) (22. Bf3 Nc6 23. Nd6 $14) 22... Nc6 (
22... Be6 23. Bf3 Nc6 24. Rxd8+ Rxd8 25. Rd1 Rxd1+ 26. Bxd1 $14) 23. Rxd8+ Rxd8
24. Rd1 Rxd1+ 25. Bxd1 Kf8 26. f4 Be6 (26... Ke8 27. Kf2 $14) 27. Bf3 Ke7 28.
Kf2 Kd6 29. Ke3 f6 30. g3 h6 31. b3 f5 $6 (31... g5 32. Ne4+ Ke7 33. h4 gxh4
34. gxh4 Bd7 35. Nc3 Be6 36. Nd5+ Bxd5 37. Bxd5 Nb4 38. Bxb7 Nxa2 39. Ke4 Nc1
40. Bd5 $11) 32. Bd1 Kc5 $5 (32... g6 $14) (32... Kd7 $14) 33. Na4+ Kb4 (33...
Kb5 34. Be2+ $1 (34. a3 Ne7 35. Nc3+ Kc5 36. Kd3 Bd7 37. b4+ Kd6 38. Kc4 (38.
a4 Bc6 39. h4 Ng8 40. Kd4 $14) 38... Be6+ 39. Kb5 Nc8 40. Bf3 Bd7+ 41. Kc4 Bc6
42. Be2 Ne7 43. Nb5+ Ke6 44. Kd4 g5 45. Bc4+ Kf6 46. Nd6 gxf4 47. gxf4 Ng6 48.
Ke3 Ne7 $14) 34... Kb4 (34... Ka5 35. Bd1 Kb5 36. a3 g5 37. b4 (37. Nc3+ Kc5
38. b4+ Kc4 39. Na4 Kb5 40. Nb2 Ne7 41. Kd4 Nc6+ 42. Kc3 Ne7 43. Be2+ Kc6 44.
Kd4 gxf4 45. gxf4 Ng6 46. Nd3 Kd6 47. Bh5 (47. Bf3 Bd7 48. Bxb7 Bb5 $1) 47...
Nh4 48. Ne1 Bd7 $14) 37... Bf7 38. Nb2 Ne7 39. Kd4 Nc6+ 40. Kc3 Ne7 41. Nc4 $1
Be6 42. a4+ Kc6 43. Kd4 Kc7 44. Ne3 Nc6+ 45. Kc3 $16) 35. Nxb6 Ka3 36. Na4 Kxa2
37. Nc5 Bxb3 38. Nxb7 Bd5 39. Nd6 g6 40. Bc4+ Bxc4 41. Nxc4 Kb3 42. Ne5 Ne7 43.
Kd4 Kb4 44. Nf7 $18) 34. Nxb6 Ka3 35. Na4 Kxa2 $5 (35... Nb4 36. Nc5 Bd5 37.
Be2 $14) 36. Nc5 Bc8 (36... Nd8 37. Kd4 (37. Bc2 g6 38. Kd4 Kb2 $1 $132) 37...
Bf7 $14) 37. Bf3 b6 $4 (37... Ka3 $1 38. Bd5 (38. Bxc6 bxc6 39. Kd3 Kb4 40. Kd4
Kb5 41. Nd3 Be6 $11) 38... Kb4 39. Nd3+ Kc3 $11) 38. Na4 Ne7 (38... Nb4 39.
Nxb6 Be6 40. Kd4 Bxb3 41. Ke5 $18) 39. Nxb6 $18 Kxb3 (39... Be6 40. b4 Kb3 41.
b5 Kb4 42. Na8 (42. Be2 Kc5 43. Na4+ Kb4 44. Nb2 Bd7 45. b6 Nd5+ 46. Kd4 Nxb6
47. Nd3+ Ka5 48. Ne5 $16) 42... Kc5 43. b6 Nd5+ 44. Bxd5 Bxd5 45. Nc7 Bb7 46.
Ne6+ $18) 40. Nxc8 Nxc8 41. Kd4 Ne7 (41... Kc2 42. Ke5 Kd3 43. Bb7 (43. Kxf5
Ke3 44. Bh1 Kf2 45. Kg6 Kg1 46. Kxg7 Kxh2 47. Kxh6 Kxg3 48. Kg5 Nd6 49. Bd5 Kh3
50. Kf6 Ne8+ 51. Ke5 Ng7 52. Bf3 Kg3 $11) 43... Ne7 44. Ke6 Ng8 45. Kxf5 $18)
42. Ke5 Kc3 43. Ke6 Ng6 44. Kf7 Nxf4 45. gxf4 g5 46. Kg6 gxf4 47. Kxh6 Kd4 48.
Kg5 Ke3 49. Bb7 f3 50. Bxf3 1-0

[Event "Petrov Memorial op"]
[Site "St Petersburg"]
[Date "2000.02.10"]
[Round "4"]
[White "Bezgodov, Alexei"]
[Black "Potkin, Vladimir"]
[Result "1/2-1/2"]
[WhiteElo "2575"]
[BlackElo "2470"]
[Annotator "Tsesarsky,I"]
[PlyCount "62"]
[EventDate "2000.02.05"]
[EventType "swiss"]
[EventRounds "9"]
[EventCountry "RUS"]
[SourceTitle "CBM 076"]
[Source "ChessBase"]
[SourceDate "2000.05.31"]
[SourceVersion "1"]
[SourceVersionDate "2000.05.31"]
[SourceQuality "1"]

{[%mdl 8192]} 1. d4 e6 2. Nf3 d5 3. c4 c5 4. cxd5 exd5 5. g3 Nf6 6. Bg2 Be7 7.
O-O Nc6 8. Be3 c4 9. b3 {Korchnoy and Gutman play this variation very often}
cxb3 (9... Be6 10. bxc4 dxc4 11. Nc3 O-O 12. Bg5 Qa5 13. Qc2 Rfd8 14. Rfd1 Rac8
(14... Bg4 15. Bxf6 Bxf6 16. e3 Qh5 17. Qe4 Re8 18. Qd5 Rad8 (18... g5 19. h3
Bxh3 20. Bxh3 Qxh3 (20... Ne7 21. Qxc4 Qxf3 22. Bg2 $16) 21. Nxg5 $16) 19. Qxh5
Bxh5 20. Rdc1 $14) 15. a4 h6 16. Bxf6 Bxf6 17. e3 Nb4 18. Qd2 Qh5 19. Ne1 b6
20. Ne2 Qa5 21. Rdc1 Be7 22. Nf4 Nc6 23. Qe2 c3 24. d5 $16 {1-0 Yermolinsky,
A-Schneider,D/Mashantucket USA 1999 (44)}) 10. Qxb3 (10. axb3 O-O 11. Ne5 Re8
12. Nc3 Nb4 13. Na2 Ne4 14. Nxb4 Bxb4 15. Nd3 Bd6 16. Nc5 Bxc5 17. dxc5 Nc3 18.
Qd3 d4 19. Bf3 (19. Rae1 $4 Bg4 20. Bf3 (20. Bxb7 Rb8 21. Bc6 Re6 $19) 20...
Bxf3 21. exf3 dxe3 22. Qxc3 e2 {0-1 Velikov,P-Lputian,S/St John op-2 1988 (22)}
) 19... Nxe2+ (19... dxe3 20. Qxc3 exf2+ 21. Rxf2 Qc7 22. b4 $14) 20. Qxe2 dxe3
21. fxe3 Qc7 (21... Qg5 22. c6 Rxe3 23. Qf2 Re7 (23... bxc6 24. Bxc6 $18) (
23... Bh3 24. cxb7 Rae8 25. Bg2 Be6 26. Rxa7 $16) 24. Rfd1 Bg4 25. Rxa7 $16)
22. b4 Bd7 $11) 10... O-O (10... Qb6 11. Ne5 (11. Qxb6 axb6 12. Nc3 O-O 13. Ne5
(13. Nb5 Nb4 14. Bd2 Nc2 15. Rab1 Rxa2 16. Nc3 Ra6 17. Rb2 Na3 18. Ne5 Rd8 19.
e3 Be6 20. f4 g6 21. h3 Ne8 22. Bc1 f6 23. Nd3 Nc4 $17 {1-0 Petursson,
M-Ziegler,A/Gausdal Arnold Cup 1990 (54)}) 13... Be6 14. a4 Rfc8 15. Rfc1 Na5
16. Nb5 Rxc1+ 17. Rxc1 Nb3 18. Rc7 Rxa4 19. h3 Rb4 20. Rxe7 Rxb5 21. g4 $14 {
1/2-1/2 Van der Sterren,P-Piket,J/Hilversum NLD/K 1990 (57)}) 11... Qxb3 12.
axb3 Nb4 13. Na3 a6 14. Rfc1 O-O 15. Bd2 Rb8 16. Bxb4 Bxb4 17. Nd3 Bd6 18. Nc2
Bf5 19. Nc5 Bxc2 20. Rxc2 Rfc8 21. Rac1 $14 {1/2-1/2 Kirov,N-Marjanovic,S/
Thessaloniki olm ,BIG 1984 (37)}) (10... Na5 11. Qd3 Nc4 (11... O-O 12. Nc3 (
12. Ne5 Be6 13. Nc3 (13. f4 Rc8 14. f5 Bd7 15. g4 h6 16. Bf4 Bc6 17. Nd2 Re8
18. Qh3 Bb5 19. Rf2 Rc2 20. Kh1 Nc4 21. Nb3 Nd6 22. Bf3 Nfe4 23. Rg2 Bg5 $17 {
0-1 Nissen,C-Ilgner,A/Landes-Einzelmeister 1990 (36)}) 13... Rc8 14. Rab1 a6
$132) 12... Be6 13. Ng5 Nc4 14. Rab1 Qd7 15. Bf4 Nb6 16. Nxe6 fxe6 17. Bh3 Qc6
18. Nb5 Rfc8 19. Qe3 Ne4 20. Rbc1 Nc4 21. Rxc4 Qxc4 22. Bxe6+ Kh8 23. Bxc8 Rxc8
24. Rc1 Qxc1+ 25. Qxc1 Rxc1+ 26. Bxc1 $16 {1-0 Gutman,L-Bezold,M/Bad
Mergentheim ,EXT 1989 (43)}) 12. Bg5 Be6 (12... O-O 13. Nc3 h6 14. Bxf6 Bxf6
15. Rab1 Nd6 {[%cal Gc8f5]} 16. Rbc1 Bf5 17. Qd1 Qa5 18. Ne5 Ne4 $11 {1-0
Korchnoi,V-Bach,M/4th Open, Wichern GER 1997 (29)}) 13. Nc3 Rc8 14. Rab1 b6 15.
Ne5 O-O 16. Nb5 Nxe5 17. dxe5 Ne4 18. Bxe7 Qxe7 19. Rbc1 Rc5 $132 {1/2-1/2
Korchnoi,V-Lautier,J/Biel 1992 (41)}) 11. Nbd2 {White has a little bit better
pawn structure, but Black's pieces placed well.} (11. Nc3 Na5 12. Qb1 g6 (12...
Be6 13. Ng5 Rc8 14. Qd3 Nc4 15. Rab1 Qd7 16. Nxe6 fxe6 17. Bg5 a6 18. Bxf6 Bxf6
19. e4 dxe4 20. Bxe4 Qxd4 21. Bxh7+ Kh8 22. Ne2 (22. Qg6 Ne5 23. Qh5 Qg4 $19 {
0-1 Fauland,A-Konig,D/OST-BL 1991/Inf 90 (47)}) 22... Qxd3 23. Bxd3 Nd2 24.
Rxb7 Nxf1 25. Kxf1 a5 26. Nf4 $44) 13. Ne5 Bf5 14. Qb2 Ne4 15. Nxe4 Bxe4 16.
Bxe4 dxe4 17. Bd2 (17. Rac1 Bf6 18. Rfd1 Rc8 19. Qb5 a6 20. Qb1 Qd5 21. Ng4 Be7
22. Qb6 Rxc1 (22... f6 $4 23. Rxc8 {1-0 Gutman,L-Budde,V/Wuppertal(2) 1986 (23)
}) 23. Rxc1 Qxa2 24. d5 $44) 17... f6 18. Bxa5 Qxa5 19. Qxb7 fxe5 20. Qxe7 $16
{1-0 Gutman,L-Unrath,L/Schwaebisch Gmuend ,EXT 1990 (27)}) (11. Bg5 h6 12. Bxf6
Bxf6 13. e3 Na5 14. Qd3 Be6 15. Ne5 Rc8 16. f4 Nc4 17. Nd2 Qa5 18. Nb3 Qd8 19.
Rac1 Nd6 $132 {1-0 Gutman,L-Wolf,V/BL 1992 (48)}) 11... Na5 12. Qd3 Ne8 {
[%csl Rc4][%cal Ge8d6]} (12... Re8 13. Rfc1 Bg4 14. Ne5 Bh5 $132) 13. Bf4 Be6 (
13... g5 14. Be3 Nd6 15. Qc3 (15. Rfc1 Bf5 16. Qc3 Rc8 17. Qb2 Nac4 18. Nxc4
dxc4 $132) 15... Nac4 16. Rab1 Nb6 $132) 14. Nb3 Nxb3 $2 $16 {After that
exchange an advantage of white pawn structure begin to have an effect.} ({
much better was} 14... Nc4 $132) 15. Qxb3 {[%csl Rb7,Rd5]} Nd6 16. Rfc1 b6 17.
Ne5 {[%csl Rd5]} Nc4 18. Nc6 Qd7 19. Nxe7+ Qxe7 20. e4 $1 Na5 (20... dxe4 21.
Rxc4 Bxc4 22. Qxc4 Rac8 23. Qb3 $16) 21. Qd3 Rad8 22. Rc7 Qb4 (22... Rd7 23.
Rac1 dxe4 24. Bxe4 f5 25. Bg2 $16 {[%csl Yf4,Yg2][%cal Gd4d5]}) 23. Be5 (23.
Rd1 $5 a6 24. Bg5 $1 f6 25. Rb1 Qa4 26. exd5 fxg5 27. dxe6 Rxd4 (27... Qxd4 28.
Qxd4 Rxd4 29. e7 Re8 30. Rxb6 $18) 28. Qe2 $16) 23... Qb2 (23... f6 24. exd5
fxe5 25. dxe6 Qb2 (25... Rxf2 26. e7 Re8 27. Bd5+ Kh8 28. Rac1 $18) 26. Rf1
Rxd4 27. Qa6 $16) 24. Re1 (24. Rb1 Qxa2 25. Rxa7 Ra8 26. Rxa8 Rxa8 $14) (24.
Rf1 f6 25. exd5 fxe5 (25... Bxd5 26. Bxd5+ Rxd5 27. Qf5 Rdd8 28. Bxf6 $1 Rxf6
29. Qg5 $18) 26. dxe6 $16) 24... Qxa2 (24... f6 25. Bf4 dxe4 26. Bxe4 Qxd4 27.
Bxh7+ Kh8 28. Qxd4 Rxd4 29. Bb1 $16) 25. Rxa7 Qc4 $2 $18 (25... Ra8 26. Rxa8
Rxa8 27. Bc7 $16) 26. Qe3 {[%csl Rg7][%cal Ge3g5]} Nc6 27. Rc7 $1 Qb5 (27...
Nxe5 28. Rxc4 Nxc4 29. Qd3 $18) 28. exd5 Bxd5 29. Bxg7 $6 ({More simply was} 
29. Qg5 $1 Nxe5 (29... g6 30. Bf6 {[%cal Gg5h6]} Qa5 31. Qh6 Qxe1+ 32. Bf1 $18)
30. Rxe5 Qb1+ 31. Rc1 $1 $18) 29... Kxg7 30. Qg5+ Kh8 31. h4 $4 $11 (31. Bxd5
Qxd5 $8 32. Qf6+ Kg8 33. Rxc6 Qxd4 34. Re5 h6 35. Rxb6 (35. Kg2 $6 Rd5 $1 36.
Re7 Qxf6 37. Rxf6 Kg7 38. Rxb6 $14) 35... Rd7 (35... Qa1+ 36. Kg2 Rd1 37. Rb4
$18) 36. Rf5 (36. Qf5 Qxb6 37. Qxd7 Qf6 $14) (36. Rbb5 Rd6 37. Rg5+ Kh7 38.
Qf5+ Kh8 39. Rg4 $16) 36... Qg4 (36... Qxf6 37. Rfxf6 {[%csl Rh6]} h5 38. Rf5
$18) 37. Kg2 $1 (37. Rf4 Qh3 38. Rb1 Rfd8 39. Re1 $16) 37... Rfd8 38. Rf4 $18)
31... Qa5 {[%csl Ya5,Re1][%cal Gd5g2]} 1/2-1/2